000 01084na a2200301 4500
001 18109
003 MIRAKIL
005 20181213154753.0
008 161111b tu 000 0
020 _a9754290563
020 _a9754290555 (tk. no)
040 _aMilas
_btur
_cTR-AnCHP
041 _aeng
082 _a333.917564
_bI57 1993
090 _a333.917564 I57 1993
111 _aInternational Conference on the Mediterranean Coastal Environment
_cAntalya, Turkey
_d1993
245 _aThe second international conference on the editerranean coastal environment
_bMEDCOAST 93
_ceditor Erdal Özhan
246 _aMEDCOAST 93
260 _aAnkara, Turkey
_bCivil Engineering Dept., Middle East Technical University
_c1993
300 _ac. 1
_bgrf. , tbl. , hrt.
_c24 sm.
504 _aBibliyografya ve dizin var.
650 _aÇevre
_vAkdeniz
_xToplantılar
650 _aKıyı bölgeleri
_vAkdeniz
_xToplantılar
650 _aKıyılar
_vAkdeniz
_xToplantılar
700 _aÖzhan, Erdal
710 _aOrta Doğu Teknik Üniversitesi (Ankara, Turkey)
942 _2ddc
_cBKS
999 _c558
_d558